00630cam a22002411 4500001001300000003000400013005001700017008004100034010001700075025001900092035002000111040002100131042001200152050002500164110003800189245002600227260001100253300001900264500001400283650004200297710003200339999001700371sa 68002578 DLC20260227112444.0950117s1966 ii 000 0 tamo  asa 68002578  aPL480:I-T-1734 a(OCoLC)31829435 aDLCcCUdCUdDLC apremarc00aPL4758.4b.N3 1966aa2 aNāval Vil̲ā,cMadras?d1966.10aTamil̲ nāvalkaḷ. c[1966] a171 p.c18 cm. aIn Tamil. 0aTamil fictionxHistory and criticism.2 aTamil Writers' Association. c78839d78839